Countries closest to croatia a-z - Statistieken

Algemene statistieken
  • Deze quiz is 23 keer genomen
  • De gemiddelde score is 11 van 24
Antwoordstatistieken
Starting with Land % Correct
B Bosnia
83%
S Slovenia/serbia
78%
A Austria
72%
F France
61%
H Hungary
61%
I Italy
61%
K Kosovo
56%
D Denmark
50%
M Montenegro
50%
N North macedonia
50%
Q Qatar
50%
P Poland
44%
U Ukraine
44%
Z Zambia
44%
E Egypt
39%
G Germany
39%
L Liechtenstein
39%
O Oman
39%
R Romania
39%
Y Yemen
39%
V Vatican
33%
J Jordan
17%
C Czech republic
11%
T Tunisia
6%
Geen overeenkomende quizzen gevonden
Scoreverdeling
Procent van Mensen met Elke Score
Percentiel versus Aantal Correcte Antwoorden
Uw Scoregeschiedenis
U heeft deze quiz nog niet genomen